Los efectos económicos de la política fiscal / (Record no. 113233)

MARC details
000 -LEADER
campo de control de longitud fija 00700nam a2200205 4500
001 - NÚMERO DE CONTROL
campo de control 113233
003 - IDENTIFICADOR DE NÚMERO DE CONTROL
campo de control ES-MaACL
005 - FECHA Y HORA DE LA ÚLTIMA TRANSACCIÓN
campo de control 20230906185815.0
007 - CAMPO FIJO DE DESCRIPCIÓN FÍSICA--INFORMACIÓN GENERAL
campo de control de longitud fija t|
008 - DATOS DE LONGITUD FIJA--INFORMACIÓN GENERAL
campo de control de longitud fija 061121s1956 sp r ||||1| spa d
100 1# - ENTRADA PRINCIPAL--NOMBRE DE PERSONA
Nombre de persona Myrdal, Gunnar.
9 (RLIN) 84763
245 14 - MENCIÓN DEL TÍTULO
Título Los efectos económicos de la política fiscal /
Mención de responsabilidad, etc. Gunnar Myrdal ; traducción directa del sueco por Bengt Becker ; revisión por Manuel de Torres ; prólogo por Mauel Orbea.
250 ## - MENCION DE EDICION
Mención de edición [2ª ed.].
260 ## - PUBLICACIÓN, DISTRIBUCIÓN, ETC.
Lugar de publicación, distribución, etc. Madrid :
Nombre del editor, distribuidor, etc. Aguilar,
Fecha de publicación, distribución, etc. 1956.
300 ## - DESCRIPCIÓN FÍSICA
Extensión XXVIII, 408 p. ;
Dimensiones 22 cm.
700 1# - ENTRADA AGREGADA--NOMBRE PERSONAL
Nombre de persona Becker, Bengt.
9 (RLIN) 26934
700 1# - ENTRADA AGREGADA--NOMBRE PERSONAL
Nombre de persona Torres, Manuel de.
9 (RLIN) 110904
700 1# - ENTRADA AGREGADA--NOMBRE PERSONAL
Nombre de persona Orbea, Manuel.
9 (RLIN) 87156
852 ## - LOCALIZACIÓN
Ubicación ES-MaACL
Número de control de estantería C-16901
Sublocalización o colección R.45104
Holdings
Estatus retirado Estado de pérdida Estado de daño No para préstamo Biblioteca de origen Biblioteca actual Ubicación en estantería Fecha de adquisición Fuente de adquisición Total de préstamos Signatura topográfica completa Código de barras Visto por última vez Precio de reemplazo Tipo de ítem Koha
        Biblioteca del Ateneo de Madrid Biblioteca del Ateneo de Madrid Galería 17/01/2008     C-16901 1118105 23/02/2023 23/02/2023 Libro impreso